| 000 | 00485nmm a22001697a 4500 | ||
|---|---|---|---|
| 005 | 20160212141522.0 | ||
| 008 | 150728b xxu||||| |||| 00| 0 spa d | ||
| 041 | _aEspañol | ||
| 082 |
_aMD _b88 |
||
| 100 |
_aRivera Pérez, Israel David _93838 |
||
| 245 | _aInforme de Práctica Supervisada realizado en el Ministerio de Seguridad Pública Clínica Dental | ||
| 260 | _c2012 | ||
| 650 |
_aCOSTA RICA _92 |
||
| 650 |
_aMECANICA DENTAL _93839 |
||
| 650 |
_aFERULAS _93840 |
||
| 942 | _cIP | ||
| 999 |
_c6764 _d6764 |
||